000
00351 a2200169 4500
001
160925
020
_a
85-322-1053-8
040
_c
Magnum
100
_a
Barbosa, Nair de Medeiros
240
1
0
_a
Um superamigo
_l
por
245
1
0
_a
Um superamigo
300
_a
21
362
0
_a
1993
440
1
_a
FTD
697
_a
LITERATURA INFANTIL
942
_c
BK
999
_c
160925
_d
160925